[Event "Netanya"]
[Site "Netanya"]
[Date "1993.??.??"]
[Round "?"]
[White "Lowy, Witezslav"]
[Black "Gik, Evgeny"]
[Result "1-0"]
[WhiteElo "2285"]
[BlackElo "2360"]
[PlyCount "93"]
[EventDate "1993.??.??"]
[EventType "tourn"]
[EventRounds "11"]
[EventCountry "ISR"]
[SourceTitle "EXT 2010"]
[Source "ChessBase"]
[SourceDate "2010.11.25"]
[SourceVersion "1"]
[SourceVersionDate "2010.11.25"]
[SourceQuality "1"]

1. d4 Nf6 2. c4 g6 3. Nc3 Bg7 4. e4 d6 5. Nf3 0-0 6. Be2 e5 7. 0-0 Nc6 8. d5 Ne7 9. b4 Nh5 10. g3 f5 11. Ng5 Nf6 12. f3 f4 13. Kg2 fxg3 14. hxg3 Nh5 15. Qe1 a5 16. b5 c5 17. Rb1 h6 18. Ne6 Bxe6 19. dxe6 Rf6 20. f4 exf4 21. g4 Ng3 22. Rxf4 Rxf4 23. Qxg3 Rf6 24. g5 Rxe6 25. Bg4 Re5 26. gxh6 Bf6 27. Bf4 Kh7 28. Rf1 Qg8 29. Qd3 Rd8 30. Bxe5 Bxe5 31. Nd5 Nxd5 32. exd5 Re8 33. Be6 Rxe6 34. dxe6 Qxe6 35. Qf3 Kxh6 36. Qh3+ Qxh3+ 37. Kxh3 Kg7 38. Kg4 Bf6 39. Rh1 b6 40. Kf3 g5 41. Ke4 Kg6 42. Kd5 Be5 43. Kc6 Kf5 44. Kxb6 Ke4 45. Kc6 Kd4 46. Rd1+ Kxc4 47. Rd5 1-0